Educar la familia, hoy

Shranjeno v:
Bibliografske podrobnosti
Glavni avtor: Bertrán Quera, Miguel (Author)
Format: Knjiga
Jezik:španščina
Izdano: Bilbao Mensajero 1985
Serija:Colección Bolsillo Mensajero. Sección Pedagogía, 94
Teme:
Oznake: Označite
Brez oznak, prvi označite!

MARC

LEADER 00000nam a2200000 a 4500
001 UCP8811
003 CL-VaPUC
008 000317e19850000SP |||||||||||||||||spa|d
020 |a 8427113625 
082 0 4 |a 370.114  |b BER  |2 21 
100 0 |a Bertrán Quera, Miguel  |e author  |9 439053 
245 1 0 |a Educar la familia, hoy 
300 |a 288 p 
942 |c BK 
945 |d 20000317 00:00:00  |a rbrito 
260 |a Bilbao  |b Mensajero  |c 1985 
650 0 |a Educación en el hogar  |9 307975 
650 0 |a Familias   |9 255641 
650 0 |a Comunicación   |9 257251 
650 0 |a Aprendizaje   |9 254827 
650 7 |a RELACIONES PADRES-HIJOS  |2 CL-VaPUC  |9 308185 
583 |a last modification  |c 20000317 00:00:00  |k Rodrigo Vera 
490 0 |a Colección Bolsillo Mensajero. Sección Pedagogía, 94 
999 |c 285696  |d 285694 
952 |0 0  |1 0  |4 0  |6 370_114000000000000_BER_1985  |7 0  |8 P  |9 330457  |a BIBEDU  |b BIBEDU  |c BIBEDU_PB  |d 2019-11-20  |i 3596370  |o 370.114 BER 1985  |p 3596370  |r 2024-01-25  |w 2019-11-20  |y BK  |k EPE 
952 |0 0  |1 0  |4 0  |6 370_114000000000000_BER_1985  |7 0  |8 P  |9 330458  |a BIBEDU  |b BIBEDU  |c BIBEDU_PB  |d 2019-11-20  |i 4036492  |o 370.114 BER 1985  |p 4036492  |r 2024-01-25  |w 2019-11-20  |y BK  |k EPE